|
|
|
|
| LEADER |
00000cam a22000002c 4500 |
| 001 |
1840064765 |
| 003 |
DE-627 |
| 005 |
20250703112144.0 |
| 007 |
cr uuu---uuuuu |
| 008 |
230324s1995 xx |||||o 00| ||eng c |
| 024 |
7 |
|
|a 10.3886/ICPSR06229.v1
|2 doi
|
| 035 |
|
|
|a (DE-627)1840064765
|
| 035 |
|
|
|a (DE-599)KXP1840064765
|
| 040 |
|
|
|a DE-627
|b ger
|c DE-627
|e rda
|
| 041 |
|
|
|a eng
|
| 084 |
|
|
|a 2,1
|2 ssgn
|
| 100 |
1 |
|
|a Young, Thomas M.
|e VerfasserIn
|4 aut
|
| 245 |
1 |
0 |
|a National Survey of Residential Group Care Facilities for Children and Youth, 1981
|
| 264 |
|
1 |
|a [Erscheinungsort nicht ermittelbar]
|b [Verlag nicht ermittelbar]
|c 1995
|
| 336 |
|
|
|a Text
|b txt
|2 rdacontent
|
| 337 |
|
|
|a Computermedien
|b c
|2 rdamedia
|
| 338 |
|
|
|a Online-Ressource
|b cr
|2 rdacarrier
|
| 520 |
|
|
|a This survey covers facilities for children and youth who are considered to be dependent and neglected, delinquent, emotionally disturbed, mentally ill, in detention or under supervision (status offenders), and/or in need of temporary shelter or emergency care, or in need of services due to pregnancy or use of an illegal substance. The survey was designed to gather information about programs and services that most types of residential care facilities provide, regardless of function, rather than about those specific to a single type of residential care. Information provided about each facility includes the problems, conditions, and patterns of behavior of their residents, the treatment programs for them, and the extent of their participation in community activities. Questionnaires were sent to the directors of all qualifying facilities. Telephone interviews were conducted with those directors who did not respond to the questionnaire.
|
| 540 |
|
|
|a ICPSR Terms of Use
|
| 650 |
|
4 |
|a Child Welfare
|
| 650 |
|
4 |
|a Children
|
| 650 |
|
4 |
|a community involvement
|
| 650 |
|
4 |
|a Group homes
|
| 650 |
|
4 |
|a residential programs
|
| 650 |
|
4 |
|a Social Services
|
| 650 |
|
4 |
|a treatment programs
|
| 650 |
|
4 |
|a Youths
|
| 655 |
|
7 |
|a Forschungsdaten
|0 (DE-588)1098579690
|0 (DE-627)857755366
|0 (DE-576)469182156
|2 gnd-content
|
| 700 |
1 |
|
|a Marlow, Christine R.
|e MitwirkendeR
|4 ctb
|
| 700 |
1 |
|
|a Pappenfort, Donnell M.
|e MitwirkendeR
|4 ctb
|
| 787 |
0 |
8 |
|i Forschungsdaten zu
|a Dore, Martha M.
|t Comparison of basic data for the National Survey of Residential Group Care Facilities: 1966-1982
|d 1984
|w (DE-627)1912487152
|
| 787 |
0 |
8 |
|i Forschungsdaten zu
|a Mooney, Curtis Calvin
|t The Impact of the Environment on Private Residential Child Care Facilities: A Study of Adaptation to the Trends of Deinstitutionalization, Normalization and Community-Basedness
|d [Erscheinungsort nicht ermittelbar] : University of Texas at Arlington, 1990
|w (DE-627)1912582724
|
| 787 |
0 |
8 |
|i Forschungsdaten zu
|a Johnson, Perry M.
|t Residential Facilities for Treating Substance Abuse Problems Among Adolescents in the United States
|d [Erscheinungsort nicht ermittelbar] : School of Social Service Administration, University of Chicago, 1987
|w (DE-627)1912687321
|
| 787 |
0 |
8 |
|i Forschungsdaten zu
|a Dore, M.M.
|t Residential Group Care Facilities for Children and Youth in the United States, 1965 and 1981: An Analysis of Change Over Time
|d [Erscheinungsort nicht ermittelbar] : [Verlag nicht ermittelbar], 1982
|w (DE-627)191268733X
|
| 856 |
4 |
0 |
|u https://doi.org/10.3886/ICPSR06229.v1
|x Resolving-System
|z kostenfrei
|3 Volltext
|7 0
|
| 935 |
|
|
|a mkri
|
| 951 |
|
|
|a BO
|
| ELC |
|
|
|a 1
|
| LOK |
|
|
|0 000 xxxxxcx a22 zn 4500
|
| LOK |
|
|
|0 001 4296812491
|
| LOK |
|
|
|0 003 DE-627
|
| LOK |
|
|
|0 004 1840064765
|
| LOK |
|
|
|0 005 20230324125326
|
| LOK |
|
|
|0 008 230324||||||||||||||||ger|||||||
|
| LOK |
|
|
|0 035
|a (DE-2619)ICPSR6229
|
| LOK |
|
|
|0 040
|a DE-2619
|c DE-627
|d DE-2619
|
| LOK |
|
|
|0 092
|o n
|
| LOK |
|
|
|0 852
|a DE-2619
|
| LOK |
|
|
|0 852 1
|9 00
|
| LOK |
|
|
|0 935
|a foda
|a nacj
|
| LOK |
|
|
|0 939
|a 24-03-23
|b l01
|
| OAS |
|
|
|a 1
|
| ORI |
|
|
|a SA-MARC-krimdoka001.raw
|